| 000 | 00622nam a2200145Ia 4500 | ||
|---|---|---|---|
| 008 | 170221s9999 xx 000 0 und d | ||
| 100 | _aShakir Hafeez | ||
| 245 | _aRelationship among Perceived Stress, Academic Performance and Use of Energy Drinks: A Study on Universities’ and Medical Students of Khyber Pakhtunkhwa Province of Pakistan | ||
| 245 | _cShakir Hafeez, Aman Ullah Khan, Bilal Bin Saeed, Yasir Javed | ||
| 260 | _bInternational Review of Management and Marketing | ||
| 260 | _cAugust 2013 | ||
| 300 | _a2:3 | ||
| 650 | _xMarketing. | ||
| 856 | _uhttp://www.econjournals.com/index.php/irmm/issue/view/82 | ||
| 999 |
_c310336 _d310336 |
||